| 000 | 00580cam a2200193ua 4500 | ||
|---|---|---|---|
| 001 | 11204 | ||
| 008 | 190903n ii |||gr||||Z||||||eng | ||
| 020 | _a9788122911039 | ||
| 040 | _cMAIN | ||
| 082 | _a954.02 | ||
| 100 |
_aIshwari Prasad, _eAuthor., |
||
| 245 |
_aA short rule of Muslim rule in India : _bFrom the advent of Islam to the death of Aurangzeb / _cBy Ishwari Prasad . |
||
| 250 | _a1st ed. | ||
| 260 |
_aDelhi: _bSurjeet Publications, _c2014. |
||
| 300 | _a488p. | ||
| 653 | _aSouth Asia India | ||
| 653 | _aA narrative of Mohammedan rule in India | ||
| 942 | _cBK | ||
| 999 |
_c10066 _d10066 |
||